|
|
|
|
| LEADER |
00000nab a2200000 a 4500 |
| 001 |
vtls000646934 |
| 003 |
SK-MaSNL |
| 005 |
20260304085015.0 |
| 008 |
250425c1997 xo 0 slo |
| 015 |
|
|
|a SNBRB19rr/mm-uuuuu
|
| 035 |
|
|
|a CL0647073
|
| 035 |
|
|
|a urn:nbn:sk:snk-abbrd2
|
| 035 |
|
|
|a (urnnbn)urn:nbn:sk:snk:ar-003498
|
| 035 |
|
|
|a (uuid)35b6375a-8c55-45b7-bb0f-3753643eec27
|
| 040 |
|
|
|a SNKBUCL
|b slo
|c SNKBUCL
|e AACR2
|
| 041 |
0 |
|
|a slo
|
| 044 |
|
|
|a xo
|c SK
|
| 080 |
|
|
|a 801.5(082)(048):808.50+808.54
|2 1981
|
| 080 |
|
|
|a 808.54-5(082)(048)
|2 1981
|
| 080 |
|
|
|a 808.50-5(082)(048)
|2 1981
|
| 080 |
|
|
|a 800.1(082)(048)
|2 1981
|
| 100 |
1 |
|
|a Vaňko, Juraj,
|d 1945-
|4 aut
|9 26399
|
| 245 |
1 |
0 |
|a Short, D.: Essays in Czech and Slovak Language and Literature. School of Slavonic and East European Studies, University of London 1996. 215 s.
|c Juraj Vaňko
|
| 650 |
0 |
7 |
|a čeština
|2 snkbucl
|9 1319
|
| 650 |
0 |
7 |
|a slovenčina
|2 snkbucl
|9 1350
|
| 650 |
0 |
7 |
|a jazyk
|2 snkbucl
|9 22980
|
| 655 |
|
7 |
|a články z novín a časopisov
|2 snkbucl
|9 267496
|
| 773 |
0 |
|
|t Slovenská reč
|g Roč. 62, č. 5 (1997), s. 297-301
|
| 787 |
0 |
8 |
|i Rec.:
|t Essays in Czech and Slovak Language and Literature. School of Slavonic and East European Studies
|d London : University of London, 1996
|
| 850 |
|
|
|a Slovenská národná knižnica
|
| 852 |
|
|
|a Slovenská národná knižnica
|
| 954 |
|
|
|a odborná, vedecká literatúra pôvodná (slovenská)
|2 lita
|
| 958 |
|
|
|a article15
|
| 958 |
|
|
|a SK
|
| 958 |
|
|
|a CZ
|
| 958 |
|
|
|a GB
|
| 958 |
|
|
|a RK
|
| 958 |
|
|
|a OND
|
| 958 |
|
|
|a EUIPO
|
| 992 |
|
|
|a RBX
|
| 999 |
|
|
|c 2805986
|d 2807916
|